<?xml version="1.0" encoding="UTF-8"?>
<marc:record xmlns:marc="http://www.loc.gov/MARC21/slim">
   <marc:leader>00000nam a2200000 a 4500</marc:leader>
   <marc:datafield ind1="0" ind2="0" tag="245">
      <marc:subfield code="a">Servus in Stadt und Land  05/2026</marc:subfield>
   </marc:datafield>
   <marc:datafield ind1="0" ind2="0" tag="245">
      <marc:subfield code="b">Süß wie die Liebe: Mythen, Bräuche, Rezepte: So feiern wir das Miteinander; Das Glück in der Hand: Warum Gärtnerin Sarah jeden Tag Kind sein darf; Königin der Rosen: Ein duftender Gruß aus dem Mittelalter; Paradies vor der Tür: Wie sich ein Kärntner Paar </marc:subfield>
   </marc:datafield>
   <marc:datafield ind1=" " ind2="1" tag="264">
      <marc:subfield code="a">Wien</marc:subfield>
      <marc:subfield code="b">ServusgmbH</marc:subfield>
   </marc:datafield>
   <marc:datafield ind1=" " ind2=" " tag="020">
      <marc:subfield code="a">4192371305504</marc:subfield>
      <marc:subfield code="9">4192371305504</marc:subfield>
   </marc:datafield>
   <marc:datafield ind1="0" ind2=" " tag="490">
      <marc:subfield code="v">0</marc:subfield>
   </marc:datafield>
</marc:record>
